Ace Hood Charting Songs (Billboard Hot 100) - Statistics

General Stats
  • This quiz has been taken 31 times
  • The average score is 4 of 5
Answer Stats
Album Weeks On Peak Artist(s) Song % Correct
Trials & Tribulations 20 Weeks #33 Ace Hood ft. Future & Rick Ross Bugatti
100%
We Global 15 Weeks #38 DJ Khaled ft. Akon, Plies, Young Jeezy, Rick Ross, Ace Hood, Trick Daddy & Lil' Boosie Out Here Grindin
83%
Gutta 1 Week #90 Ace Hood ft. Trey Songz Ride
75%
Blood, Sweat & Tears 13 Weeks #65 Ace Hood ft. Chris Brown Body 2 Body
58%
Blood, Sweat & Tears 16 Weeks #60 Ace Hood Hustle Hard
58%
No matching quizzes found
Score Distribution
Percent of People with Each Score
Percentile by Number Answered
Your Score History
You have not taken this quiz